000 00487nam a2200145Ia 4500
003 GCL
008 140319s9999 xx 000 0 ara d
040 _aGCL /
_cGCL
082 0 4 _a811.962
_bح ع
100 1 _aحسين على محمد
245 1 0 _aعشان مهر الصبية : شعر بالعامية المصرية /
_cحسين على محمد
260 _a[S.N] :
_bمطبعة الشرق ،
_c1969
300 _a79 ص
490 _aالهيئة العامة للاستعلامات
_v0
999 _c30832
_d30832